| 000 | 00911nam a2200241Ia 4500 | ||
|---|---|---|---|
| 003 | GCL | ||
| 008 | 140319s9999 xx 000 0 ara d | ||
| 020 | _a2745735977 | ||
| 040 |
_aGCL / _cGCL |
||
| 082 | 0 | 4 |
_a005.13 _bم ب |
| 100 | 1 | _aمجدى محمد ابوالعطا | |
| 245 | 1 | 0 |
_aبرمجة الانترنت باستخدام XHTML / _cمجدى محمد ابوالعطا |
| 260 |
_aالقاهرة : _bالعربية لعلوم الحاسب ، _c2002 |
||
| 300 |
_a338 ص ؛ _c24 سم |
||
| 490 |
_aسلسلة تيسير علوم الحاسب _v81 |
||
| 650 | 0 | 4 | _aالإنترنت |
| 650 | 0 | 4 | _aالحاسبات الالكترونية - لغات |
| 650 | 0 | 4 | _aالبرمجة الالية |
| 650 | 0 | 4 | _aانشاء صفحات الويب |
| 650 | 0 | 4 | _aالحاسبات الالكترونية - برمجة |
| 650 | 0 | 4 | _aاكس اتش تى ام ال - البرمجة الالية |
| 942 |
_2ddc _cBK |
||
| 999 |
_c34420 _d34420 |
||